000 00522nam a2200217Ia 4500
003 OSt
005 20221005122149.0
006 a|||||r|||| 00| 0
007 ta
008 221004b |||||||| |||| 00| 0 eng d
024 _a120438
037 _cTextual
040 _aCRL
_cCRL
_beng
041 _2eng
_aeng
100 _aWhite Harvey E
_9631568
245 0 _aIntroduction to atomic & nuclear physics
260 _c1964
650 _aPHYSICS
942 _cTEXL
_2cc
999 _c1043461
_d1043461